000 00635nam a2200241Ia 4500
003 OSt
005 20220918174922.0
006 a|||||r|||| 00| 0
007 ta
008 220917b |||||||| |||| 00| 0 eng d
024 _a14,749
037 _cTextual
040 _aARTS
_cARTS
_beng
041 _2eng
_aeng
082 _aN8:S:52, J6
100 _aMeyer Leonard B
_951561
245 0 _aEmotion and meaning in music
260 _aChicago
_bUniversity of Chicago press Japan
_c1956
300 _a307p
_ccm.
650 _aARTS
942 _hN8:S:52, J6
_cTEXL
_2CC
999 _c155225
_d155225